| 000 | 00474nam a2200169 i 4500 | ||
|---|---|---|---|
| 001 | 146306 | ||
| 003 | ES-MaACL | ||
| 005 | 20230906201503.0 | ||
| 007 | t| | ||
| 008 | 070906s1920 sp ||||1| spa d | ||
| 245 | 0 | 0 | _aTratado de Versalles de 1919 y sus antecedentes. |
| 260 |
_aMadrid : _b[Gráfica Ambos Mundos], _c1920. |
||
| 300 |
_a460 p. ; _c22 cm. |
||
| 630 | 0 | 4 |
_aTratado de Versalles ( _d1919) _9155228 |
| 852 |
_aES-MaACL _jB-3599 |
||
| 852 |
_aES-MaACL _jB-12443 |
||
| 999 |
_c146306 _d146306 |
||